000 00482ntaaa2200181 4500
003 01
005 20251027201956.0
008 0714s1973 ag 01
040 _aAR-BaBN
_bspa
_cAR-BaBN
_eaacr
_dRIC
082 _a254.5000 M27
100 _aMaguirre, Jno.
_918369
245 _aUtilizing and conserving our church membership
250 _a1 ed.
260 _aFlorida :
_bBaptist Convention,
_cn.f.
300 _a16 p.
650 _aAdministración EclesiÔstica
_91364
942 _cBK
999 _c14511
_d14511